Queen, Queen Elizabeth or both? - Statistics

General Stats
  • This quiz has been taken 18 times
  • The average score is 26 of 30
Answer Stats
Question Tile Select % Correct
Famous for "Killer Queen" Yes
100%
Famous for "Killer Queen" No
100%
Famous for "Killer Queen" No
100%
This person’s official residence was Buckingham Palace No
93%
This person’s official residence was Buckingham Palace Yes
93%
This person’s official residence was Buckingham Palace No
93%
This person or group has had worldwide recognition and influence No
93%
This person or group has had worldwide recognition and influence No
93%
This person or group has had worldwide recognition and influence Yes
93%
Met French presidents, Macron No
93%
This entity’s official portrait appears on coins, stamps, and passports No
93%
This entity’s official portrait appears on coins, stamps, and passports Yes
93%
This entity’s official portrait appears on coins, stamps, and passports No
93%
Born in 1970 Yes
86%
Born in 1970 No
86%
Born in 1970 No
86%
Born in London No
86%
This person celebrated a Platinum Jubilee in 2022 No
86%
This person celebrated a Platinum Jubilee in 2022 No
86%
This person or group is a symbol of British culture and influence No
86%
This person or group was celebrated in a 21st-century biopic No
86%
This person celebrated a Platinum Jubilee in 2022 Yes
79%
This person or group is a symbol of British culture and influence No
79%
This person or group was celebrated in a 21st-century biopic No
79%
This person or group is a symbol of British culture and influence Yes
71%
This person or group was celebrated in a 21st-century biopic Yes
71%
Met French presidents, Macron Yes
71%
Met French presidents, Macron No
71%
Born in London No
64%
Born in London Yes
57%
No matching quizzes found
Score Distribution
Percent of People with Each Score
Percentile by Number Answered
Your Score History
You have not taken this quiz